000 00709nam a2200265Ia 4500
003 OSt
005 20221006151457.0
006 a|||||r|||| 00| 0
007 ta
008 221006b |||||||| |||| 00| 0 eng d
020 _c¥7210
024 _a22,253
037 _cTextual
040 _aEASL
_cEASL
_beng
041 _2eng
_aeng
082 _az42a342-47, L3
100 _aHALL John W
245 0 _aJapanese history
_b Guide to Japanese reference and research materials
260 _aWestport
_bGreenwood Press, Publishers
_c1973
300 _a178p.
_ccm.
490 _v BB
650 _aJEL
942 _hz42a342-47, L3
_cTEXL
_2CC
999 _c1090339
_d1090339